00340 a2200121 4500020001500000050002000015100002800035245004700063264003900110300002300149500001900172650002700191 a0304315877 aLC 191 MEI 1996 aMeighan, RolandeAuthor aA sociology of educating /cRoland Meighan aLondon: bCassell Education,c1986 axii, 430p. :bill. aIncludes index aEducational sociology.